Statistiques concernant Participant à Frenchie Shore

Cliquez ici pour prendre le quiz!

Statistiques générales

  • Ce quiz a été pris 69 fois
  • Le résultat moyen est 9 sur 10

Statistiques - réponses

Réponse% Correct
Julie
98%
Kara
98%
Ouryel
96%
Pepita
95%
Melvin
93%
Tristan
89%
Enzo
85%
Iris
85%
Théo
85%
Nicolas
78%

Distribution des résultats

Percentile par nombre de réponses

% des personnes avec chaque résultat

Votre développement - résultats

Vous n’avez pas pris ce quiz